[Event "Wroclaw Litwinska Memorial op 2nd"]
[Site "Wroclaw"]
[Date "2022.11.05"]
[Round "1"]
[White "Trofimova, Evelina"]
[Black "Injac, Teodora"]
[Result "0-1"]
[WhiteElo "1373"]
[BlackElo "2385"]
[PlyCount "136"]
[EventDate "2022.11.05"]
[EventType "swiss (rapid)"]
[EventRounds "7"]
[EventCountry "POL"]
[SourceTitle "EXT 2024"]
[Source "ChessBase"]
[SourceDate "2023.10.10"]
[SourceVersion "1"]
[SourceVersionDate "2023.10.10"]
[SourceQuality "1"]

1. c4 Nf6 2. Nc3 g6 3. g3 Bg7 4. Bg2 0-0 5. Nf3 d6 6. d4 Nc6 7. 0-0 Bf5 8. Re1 Ne4 9. e3 Nxc3 10. bxc3 e5 11. e4 Bg4 12. d5 Na5 13. Qd3 b6 14. Nd2 Bd7 15. Nb3 Nb7 16. Be3 a5 17. a4 Qe8 18. f4 Bxa4 19. Nd2 Nc5 20. Bxc5 dxc5 21. fxe5 Bxe5 22. Nf3 Bd7 23. Nxe5 Qxe5 24. Rf1 a4 25. Rae1 a3 26. Qc2 Ra4 27. Qb3 Rfa8 28. Ra1 a2 29. Rf2 Ra3 30. Qb2 f6 31. Rc2 Kg7 32. Qc1 h5 33. Qf4 Bg4 34. h3 Bd1 35. Qxe5 fxe5 36. Rcc1 Bb3 37. Bf1 R8a4 38. Kf2 Bxc4 39. Bxc4 Rxc4 40. Rc2 Kf6 41. Raxa2 Rcxc3 42. Rxc3 Rxa2+ 43. Kf3 Ke7 44. g4 Kd6 45. gxh5 gxh5 46. Kg3 b5 47. Kh4 b4 48. Rf3 c4 49. Rf6+ Kd7 50. Rf7+ Kd8 51. Rf8+ Ke7 52. Rf5 c3 53. Rxe5+ Kd7 54. Re6 b3 55. Rc6 b2 56. e5 b1Q 57. e6+ Kd8 58. Kxh5 Qf5+ 59. Kh6 Qxd5 60. e7+ Kxe7 61. Rxc7+ Kd6 62. Rg7 Re2 63. h4 Re6+ 64. Rg6 Rxg6+ 65. Kxg6 c2 66. h5 c1Q 67. h6 Qcg5+ 68. Kh7 Qdg8# 0-1

[Event "Wroclaw Anderssen Memorial"]
[Site "Wroclaw"]
[Date "2022.07.30"]
[Round "9"]
[White "Trofimova, Evelina"]
[Black "Czyz, Andrzej"]
[Result "0-1"]
[WhiteElo "1346"]
[BlackElo "1853"]
[PlyCount "166"]
[EventDate "2022.07.30"]
[EventType "swiss (rapid)"]
[EventRounds "9"]
[EventCountry "POL"]
[SourceTitle "CBM 209 Extra"]
[Source "ChessBase"]
[SourceDate "2022.09.30"]
[SourceVersion "1"]
[SourceVersionDate "2022.09.30"]
[SourceQuality "1"]

1. c4 e5 2. Nc3 Nf6 3. g3 Bb4 4. Nd5 Nxd5 5. cxd5 0-0 6. Bg2 a5 7. a3 Bc5 8. e3 Re8 9. Ne2 d6 10. 0-0 Bg4 11. h3 Bh5 12. g4 Bg6 13. d4 Bb6 14. dxe5 Rxe5 15. f4 Bxe3+ 16. Bxe3 Rxe3 17. f5 Bh5 18. gxh5 Nd7 19. Qd2 Qe7 20. Nd4 Re8 21. f6 Nxf6 22. Nf5 Qe5 23. Qxe3 Qxe3+ 24. Nxe3 Rxe3 25. Rac1 Re7 26. Rfe1 Rd7 27. h4 Kf8 28. Bh3 Rd8 29. Red1 Nxh5 30. Rxc7 Nf4 31. Bg2 h6 32. Rf1 g5 33. hxg5 hxg5 34. Rxb7 Kg7 35. Ra7 Kg6 36. Be4+ f5 37. Bb1 Kf6 38. Rxf4 gxf4 39. Rxa5 Rc8 40. Bd3 Kg5 41. Ra6 Rd8 42. Kf2 Rh8 43. Kg2 f3+ 44. Kxf3 Rh3+ 45. Ke2 f4 46. Rxd6 Rh2+ 47. Kf3 Rh3+ 48. Ke2 Rh2+ 49. Kf1 f3 50. Rb6 Kf4 51. Bb1 Rh1+ 52. Kf2 Rxb1 53. Rf6+ Ke4 54. d6 Rxb2+ 55. Kg3 Rg2+ 56. Kh3 Rg7 57. a4 Ke3 58. Re6+ Kd2 59. Rf6 Ke2 60. Re6+ Kf1 61. Re7 Rg6 62. d7 Rd6 63. Kg3 f2 64. Rf7 Rd3+ 65. Kh2 Ke1 66. Kg2 Rxd7 67. Rxd7 f1Q+ 68. Kg3 Qg1+ 69. Kf4 Qh2+ 70. Ke4 Qc2+ 71. Ke5 Qxa4 72. Rd4 Qe8+ 73. Kd5 Kf2 74. Re4 Qd7+ 75. Kc4 Kf3 76. Rd4 Qc6+ 77. Kd3 Qg6+ 78. Kc4 Ke3 79. Rd5 Qc2+ 80. Kb5 Ke4 81. Rc5 Qb3+ 82. Kc6 Kd4 83. Kd6 Qb4 0-1

[Event "Wroclaw Anderssen Memorial"]
[Site "Wroclaw"]
[Date "2022.07.30"]
[Round "7"]
[White "Tsviatko, Artem"]
[Black "Trofimova, Evelina"]
[Result "1/2-1/2"]
[WhiteElo "1119"]
[BlackElo "1346"]
[PlyCount "84"]
[EventDate "2022.07.30"]
[EventType "swiss (rapid)"]
[EventRounds "9"]
[EventCountry "POL"]
[SourceTitle "CBM 209 Extra"]
[Source "ChessBase"]
[SourceDate "2022.09.30"]
[SourceVersion "1"]
[SourceVersionDate "2022.09.30"]
[SourceQuality "1"]

1. e4 c5 2. Nf3 Nc6 3. d4 cxd4 4. Nxd4 e5 5. Nf3 Nf6 6. Nc3 Bb4 7. Bd3 Bxc3+ 8. bxc3 d5 9. exd5 Qxd5 10. Be2 Qxd1+ 11. Bxd1 Bf5 12. 0-0 0-0 13. Rb1 b6 14. Rb5 Nd7 15. Ba3 Rfd8 16. Bd6 f6 17. Nh4 Be6 18. Bf3 Rac8 19. Bd5 Nc5 20. Rxc5 Rxd6 21. Bxe6+ Rxe6 22. Rc4 Rd8 23. Nf5 Kf7 24. Ne3 Red6 25. Nf5 Re6 26. Ne3 Na5 27. Rc7+ Re7 28. Rxe7+ Kxe7 29. Nf5+ Kf7 30. Ne3 Ke6 31. Rd1 Rxd1+ 32. Nxd1 Nc4 33. Kf1 Kd5 34. Ke2 f5 35. f3 f4 36. Kd3 g5 37. Nf2 Nb2+ 38. Kd2 Nc4+ 39. Kd3 Nb2+ 40. Kd2 Nc4+ 41. Kd3 Nb2+ 42. Kd2 Nc4+ 1/2-1/2